<?xml version="1.0" encoding="UTF-8"?>
<record
    xmlns:xsi="http://www.w3.org/2001/XMLSchema-instance"
    xsi:schemaLocation="http://www.loc.gov/MARC21/slim http://www.loc.gov/standards/marcxml/schema/MARC21slim.xsd"
    xmlns="http://www.loc.gov/MARC21/slim">

  <leader>03119nam a2200301 a 4500</leader>
  <controlfield tag="001">000001839</controlfield>
  <controlfield tag="003">DO-SdBNP</controlfield>
  <controlfield tag="005">20250422184411.0</controlfield>
  <controlfield tag="007">ta</controlfield>
  <controlfield tag="008">090629s2007    dr c          000 0 spa d</controlfield>
  <datafield tag="020" ind1=" " ind2=" ">
    <subfield code="a">9789945161328</subfield>
  </datafield>
  <datafield tag="040" ind1=" " ind2=" ">
    <subfield code="a">DO-SdBNP</subfield>
    <subfield code="b">spa</subfield>
    <subfield code="c">BNPHU</subfield>
    <subfield code="e">rda</subfield>
  </datafield>
  <datafield tag="082" ind1=" " ind2="4">
    <subfield code="a">972.93054</subfield>
    <subfield code="b">S471g, 2007</subfield>
    <subfield code="2">22</subfield>
  </datafield>
  <datafield tag="111" ind1="2" ind2=" ">
    <subfield code="a">Seminario sobre la Revoluci&#xF3;n de 1965</subfield>
    <subfield code="d">( 2002 :</subfield>
    <subfield code="c">Santo Domingo)</subfield>
    <subfield code="9">5991</subfield>
  </datafield>
  <datafield tag="245" ind1="1" ind2="0">
    <subfield code="a">Guerra de abril :</subfield>
    <subfield code="b">inevitabilidad de la historia.</subfield>
  </datafield>
  <datafield tag="250" ind1=" " ind2=" ">
    <subfield code="a">3a. ed.</subfield>
  </datafield>
  <datafield tag="264" ind1=" " ind2="2">
    <subfield code="a">Santo Domingo :</subfield>
    <subfield code="b">Comisi&#xF3;n Permanente de Efem&#xE9;rides Patrias (CPEP),</subfield>
    <subfield code="c">2007.</subfield>
  </datafield>
  <datafield tag="300" ind1=" " ind2=" ">
    <subfield code="a">558 p. :</subfield>
    <subfield code="b">retratos ;</subfield>
    <subfield code="c">23 cm.</subfield>
  </datafield>
  <datafield tag="490" ind1="1" ind2=" ">
    <subfield code="a">Publicaciones de la Comisi&#xF3;n Permanente de Efem&#xE9;rides Patrias 2004-2007 ;</subfield>
    <subfield code="v">2</subfield>
  </datafield>
  <datafield tag="500" ind1=" " ind2=" ">
    <subfield code="a">Incluye &#xED;ndice onom&#xE1;stico</subfield>
  </datafield>
  <datafield tag="505" ind1="0" ind2=" ">
    <subfield code="a">Palabras del Secretario de Estado de las Fuerzas Armadas --</subfield>
    <subfield code="t">Presentaci&#xF3;n --</subfield>
    <subfield code="t">Gr&#xE1;ficas de la Guerra de Abril /</subfield>
    <subfield code="r">Juan P&#xE9;rez Terrero --</subfield>
    <subfield code="t">Discurso de orden /</subfield>
    <subfield code="t">Jos&#xE9; Miguel Soto Jim&#xE9;nez --</subfield>
    <subfield code="t">Formaci&#xF3;n del escudo nacional --</subfield>
    <subfield code="t">La Guerra de Abril como acontecimiento social, pol&#xED;tico y econ&#xF3;mico /</subfield>
    <subfield code="r">Roberto Cass&#xE1; --</subfield>
    <subfield code="t">Aprestos organizativos de la gesta /</subfield>
    <subfield code="r">H&#xE9;ctor E. Lachapelle D&#xED;az --</subfield>
    <subfield code="t">Proceso de la contienda visto por las mujeres y las familias de sus protagonistas /</subfield>
    <subfield code="r">Arlette Vda. Fern&#xE1;ndez Dom&#xED;nguez --</subfield>
    <subfield code="t">Del 24 al 28 de abril en el desarrollo de la contienda /</subfield>
    <subfield code="r">Rafael Yege Arismendy --</subfield>
    <subfield code="t">El gobierno del Coronel Caama&#xF1;o : sus ejecutorias y encrucijadas /</subfield>
    <subfield code="r">Bonaparte Gautreaux Pi&#xF1;eyro --</subfield>
    <subfield code="t">La OEA y su papel en el conflicto /</subfield>
    <subfield code="r">V&#xED;ctor Grimaldi --</subfield>
    <subfield code="t">Vivencias de los preparativos y desarrollo de la Guerra de Abril de 1965 /</subfield>
    <subfield code="r">Jos&#xE9; de Jes&#xFA;s Morrillo L&#xF3;pez --</subfield>
    <subfield code="t">Pre&#xE1;mbulos del conflicto de abril de 1965 /</subfield>
    <subfield code="r">Pedro Gil Iturbides --</subfield>
    <subfield code="t">Organizaci&#xF3;n, estallido y desarrollo de la contienda /</subfield>
    <subfield code="r">Norge Botello --</subfield>
    <subfield code="t">Pormenores organizativos de una conspiraci&#xF3;n /</subfield>
    <subfield code="r">Miguel Hernando Ram&#xED;rez --</subfield>
    <subfield code="t">Comienzo y desarrollo de la contienda de abril vista desde San Isidro /</subfield>
    <subfield code="r">Pedro Bartolom&#xE9; Benoit --</subfield>
    <subfield code="t">La izquierda y su papel en la contienda /</subfield>
    <subfield code="r">Fidelio Despradel</subfield>
    <subfield code="t">La Batalla del Puente /</subfield>
    <subfield code="r">Ramiro Matos Gonz&#xE1;lez --</subfield>
    <subfield code="t">Cr&#xF3;nica de la Guerra de Abril --</subfield>
    <subfield code="r">Emilio Herasme Pe&#xF1;a --</subfield>
    <subfield code="t">Guerras civiles autodestructivas /</subfield>
    <subfield code="r">Federico Henr&#xED;quez Gratereux --</subfield>
    <subfield code="t">Protagonistas fundamentales de la Guerra de Abril de 1965 /</subfield>
    <subfield code="r">Euclides Guti&#xE9;rrez F&#xE9;liz --</subfield>
    <subfield code="t">Aspectos internacionales y negociaciones en la contienda /</subfield>
    <subfield code="r">Jottin Cury --</subfield>
    <subfield code="t">La formaci&#xF3;n de los comandos y su rol en el conflicto /</subfield>
    <subfield code="r">Manuel Ram&#xF3;n Montes Arache --</subfield>
    <subfield code="t">La participaci&#xF3;n de la academia militar Batalla de las Carreras en el conflicto de abril 1965 /</subfield>
    <subfield code="r">Andr&#xE9;s R. Fortunato Victoria --</subfield>
    <subfield code="t">La Academia Militar de las Fuerzas Armadas y la Revoluci&#xF3;n de abril de 1965 /</subfield>
    <subfield code="r">Juan Oscar Cut&#xED;n Curiel .</subfield>
  </datafield>
  <datafield tag="590" ind1=" " ind2=" ">
    <subfield code="a">Inventariado, 2019 / MFF</subfield>
  </datafield>
  <datafield tag="650" ind1=" " ind2="4">
    <subfield code="a">Rep&#xFA;blica dominicana</subfield>
    <subfield code="x">Historia</subfield>
    <subfield code="y">Revoluci&#xF3;n, 1965</subfield>
    <subfield code="v">Congresos, conferencias, etc.</subfield>
    <subfield code="9">5992</subfield>
  </datafield>
  <datafield tag="710" ind1="2" ind2=" ">
    <subfield code="9">57053</subfield>
    <subfield code="a">Comisi&#xF3;n Permanente Efem&#xE9;rides Patria (Rep&#xFA;blica Dominicana)</subfield>
  </datafield>
  <datafield tag="830" ind1=" " ind2="0">
    <subfield code="a">Publicaciones de la Comisi&#xF3;n Permanente de Efem&#xE9;rides Patrias 2004-2007</subfield>
    <subfield code="v">2</subfield>
    <subfield code="9">5994</subfield>
  </datafield>
  <datafield tag="910" ind1=" " ind2=" ">
    <subfield code="a">Validado. Control de calidad MMOLINA</subfield>
  </datafield>
  <datafield tag="942" ind1=" " ind2=" ">
    <subfield code="2">ddc</subfield>
    <subfield code="c">LBS1</subfield>
  </datafield>
  <datafield tag="952" ind1=" " ind2=" ">
    <subfield code="0">0</subfield>
    <subfield code="1">0</subfield>
    <subfield code="2">ddc</subfield>
    <subfield code="5">6</subfield>
    <subfield code="7">0</subfield>
    <subfield code="8">DS</subfield>
    <subfield code="a">BNPHU</subfield>
    <subfield code="b">BNPHU</subfield>
    <subfield code="c">HD</subfield>
    <subfield code="d">2010-02-23</subfield>
    <subfield code="o">BNPHU DS 972.93054 S471g 2007</subfield>
    <subfield code="p">1839-30</subfield>
    <subfield code="r">2020-06-25</subfield>
    <subfield code="t">e.3</subfield>
    <subfield code="w">2020-06-25</subfield>
    <subfield code="y">LBS1</subfield>
  </datafield>
  <datafield tag="952" ind1=" " ind2=" ">
    <subfield code="0">0</subfield>
    <subfield code="1">0</subfield>
    <subfield code="2">ddc</subfield>
    <subfield code="5">1</subfield>
    <subfield code="7">0</subfield>
    <subfield code="8">PD</subfield>
    <subfield code="a">BNPHU</subfield>
    <subfield code="b">BNPHU</subfield>
    <subfield code="c">HD</subfield>
    <subfield code="d">2009-06-29</subfield>
    <subfield code="o">BNPHU PD 972.93054 S471g 2007</subfield>
    <subfield code="p">1839-10</subfield>
    <subfield code="r">2020-06-25</subfield>
    <subfield code="w">2020-06-25</subfield>
    <subfield code="y">LBS1</subfield>
  </datafield>
  <datafield tag="952" ind1=" " ind2=" ">
    <subfield code="0">0</subfield>
    <subfield code="1">0</subfield>
    <subfield code="2">ddc</subfield>
    <subfield code="5">1</subfield>
    <subfield code="7">0</subfield>
    <subfield code="8">PD</subfield>
    <subfield code="a">BNPHU</subfield>
    <subfield code="b">BNPHU</subfield>
    <subfield code="c">HD</subfield>
    <subfield code="d">2009-06-29</subfield>
    <subfield code="o">BNPHU PD 972.93054 S471g 2007</subfield>
    <subfield code="p">1839-20</subfield>
    <subfield code="r">2020-06-25</subfield>
    <subfield code="t">e.2</subfield>
    <subfield code="w">2020-06-25</subfield>
    <subfield code="y">LBS1</subfield>
  </datafield>
  <datafield tag="952" ind1=" " ind2=" ">
    <subfield code="0">0</subfield>
    <subfield code="1">0</subfield>
    <subfield code="2">ddc</subfield>
    <subfield code="5">6</subfield>
    <subfield code="7">0</subfield>
    <subfield code="8">DS</subfield>
    <subfield code="a">BNPHU</subfield>
    <subfield code="b">BNPHU</subfield>
    <subfield code="c">HD</subfield>
    <subfield code="d">2018-07-09</subfield>
    <subfield code="e">Donado por CERTV</subfield>
    <subfield code="o">BNPHU DS 972.93054 S471g, 2007</subfield>
    <subfield code="p">2023-0819</subfield>
    <subfield code="r">2023-02-09</subfield>
    <subfield code="t">e.4</subfield>
    <subfield code="w">2023-02-09</subfield>
    <subfield code="y">LBS1</subfield>
  </datafield>
  <datafield tag="999" ind1=" " ind2=" ">
    <subfield code="c">1716</subfield>
    <subfield code="d">1716</subfield>
  </datafield>
</record>
